Najczęściej odwiedzane miasta w Polsce przez zagranicznych turystów - Statystyki

Ogólne statystyki
  • Ten quiz został rozwiązany 205 razy
  • Średni wynik to 8 z 10
Statystyki odpowiedzi
kolejność Miasto % Poprawnych
1 najpopularniejsze Kraków
99%
2 najpopularniejsze Warszawa
99%
3 najpopularniejsze Gdańsk
96%
4 najpopularniejsze Wrocław
94%
5 najpopularniejsze Poznań
86%
8 najpopularniejsze Łódź
81%
7 najpopularniejsze Szczecin
80%
6 najpopularniejsze Zakopane
71%
9 najpopularniejsze Bydgoszcz
68%
10 najpopularniejsze Kołobrzeg
26%
Nie znaleziono quizów pasujących do podanych kryteriów
Rozkład punktacji
Procent ludzi z każdym wynikiem
Percentyl według liczby udzielonych odpowiedzi
Twoja historia wyników
Nie rozwiązałeś tego quizu